Movie by Scenery IV Quiz Stats

Quiz Updated Sep 8, 2016

Challenge
Share
Tweet
Score 0/25 Timer 08:00
2 Plays Today
% Correct
Back to the Future
78.1%
Braveheart
71.4%
Field of Dreams
69.1%
Up
59.3%
Troy
55.9%
World War Z
55.5%
2001: A Space Odyssey
46.7%
The Fugitive
40.2%
Bonnie and Clyde
39.7%
Beauty and the Beast
38.7%
The Hobbit: An Unexpected Journey
36.6%
Babe
34.4%
Shutter Island
33%
% Correct
Hot Fuzz
28.1%
Oz the Great and Powerful
26.8%
The Notebook
26.2%
The Revenant
25.2%
Total Recall
20.1%
Gone with the Wind
18.8%
Out of Africa
18%
Unforgiven
16.4%
The Birds
16%
The Ring
11.4%
One Flew Over the Cuckoo's Nest
9%
The Bourne Identity
7.2%

You're not logged in!

Compare scores with friends on all Sporcle quizzes.
Join for Free
OR
Log In

You Might Also Like...

Show Comments

Extras

Top Quizzes Today


Score Distribution

Your Account Isn't Verified!

In order to create a playlist on Sporcle, you need to verify the email address you used during registration. Go to your Sporcle Settings to finish the process.

Report this User

Report this user for behavior that violates our Community Guidelines.

Details: